[Event "4th Sabbiadoro-Master 2018"]
[Site "Lignano Sabbiadoro"]
[Date "2018.07.30"]
[Round "2.10"]
[White "Sgnaolin, Davide"]
[Black "Grochowalski, Pawel"]
[Result "1/2-1/2"]
[WhiteElo "2267"]
[BlackElo "2049"]
[Annotator "NA"]
[PlyCount "78"]
[EventDate "2018.07.29"]
[EventType "swiss"]
[EventCountry "ITA"]
[SourceTitle "playchess.com"]
[Source "ChessBase"]
[SourceQuality "1"]
[TimeControl "5400+30"]

{[%evp 8,80,21,1,19,0,-3,12,30,28,24,27,20,35,53,53,52,34,34,31,57,47,32767,32767,32767,60,72,30,32767,55,39,38,31,29,45,31,33,22,33,32767,32767,32767,32767,32767,32767,32767,32767,32767,32767,32767,32767,32767,32767,32767,30,32767,32767,32767,32767,32767,32767,8,10,32767,32767,32767,8,32767,11,15,10,13,15,0,10]} 1. Nf3 {[%emt 0:00:30]} Nf6 {[%emt 0:01:00]} 2. g3 {[%emt 0:00:30]} d5 {[%emt 0:02:30]} 3. Bg2 {[%emt 0:00:30]} e6 {[%emt 0:00:30]} 4. c4 {[%emt 0:02:30]} Be7 {[%emt 0:00:30]} 5. b3 {[%emt 0:02:30]} O-O {[%emt 0:01:30]} 6. Bb2 {[%emt 0:00:30]} c5 {[%emt 0:03:30]} 7. cxd5 {[%emt 0:05:30]} exd5 {[%emt 0:00:30]} 8. d4 {[%emt 0:02:30]} Nc6 {[%emt 0:05:30]} 9. O-O {[%emt 0:01:30]} Be6 {[%emt 0:00:30] LiveBook: 14 Games} 10. Nc3 {[%emt 0:12:30]} h6 {[%emt 0:05:30]} 11. Rc1 {[%emt 0:02:30]} Rc8 {[%emt 0:03:30]} 12. dxc5 {[%emt 0:04:30]} Bxc5 {[%emt 0:00:30]} 13. Nb5 {[%emt 0:00:30] D34: Tarrasch Defence: 6 g3 Nf6 7 Bg2 Be7} (13. Na4 Bd6 14. Nc5 Qe7 15. Nxe6 fxe6 16. Nh4 Rfe8 17. Ng6 Qf7 18. Qd3 Nb4 19. Qb1 Rxc1 20. Rxc1 Ng4 {1-0 (35) Balashov,Y (2429)-Singer,H (2207) Katerini 2014}) 13... Be7 {[%emt 0:03:30]} 14. Nbd4 {[%emt 0:01:30]} Nxd4 {[%emt 0:00:30]} 15. Nxd4 {[%emt 0:03:30]} Bd7 $146 {[%emt 0:05:30]} ({Predecessor:} 15... Qd7 16. Nxe6 Rxc1 17. Nxf8 Rxd1 18. Nxd7 Rxf1+ 19. Kxf1 Nxd7 20. Bxd5 b6 {1-0 (38) Macedo,A (1995)-Almeida,C (1950) Natal 2010}) 16. Qd3 {[%emt 0:11:30]} Qa5 {[%emt 0:03:30]} 17. a4 {[%emt 0:05:30]} Rxc1 {[%emt 0:04:30]} 18. Rxc1 {[%emt 0:00:00]} Rc8 {[%emt 0:00:30]} 19. Rxc8+ {[%emt 0:07:00]} Bxc8 {[%emt 0:00:30]} 20. Bc3 {[%emt 0:02:30]} Bb4 {[%emt 0:03:30]} 21. Bxb4 {[%emt 0:00:30]} Qxb4 {[%emt 0:00:30]} 22. Nc2 {[%emt 0:03:30]} Qc5 {[%emt 0:00:30]} 23. e3 {[%emt 0:04:30]} Be6 {[%emt 0:00:30]} 24. Nd4 {[%emt 0:10:28]} a6 {[%emt 0:01:30]} 25. h3 {[%emt 0:01:51]} Kf8 {[%emt 0:00:30]} 26. Kh2 {[%emt 0:01:44]} Ke7 {[%emt 0:01:30]} 27. Nf5+ {[%emt 0:01:04]} Bxf5 {[%emt 0:02:30]} 28. Qxf5 {[%emt 0:00:03]} Qd6 {[%emt 0:03:30]} 29. Qc8 {[%emt 0:01:11]} Qb6 {[%emt 0:02:30]} 30. Qc3 {[%emt 0:01:01]} Qd6 {[%emt 0:05:30]} 31. Qd4 {[%emt 0:02:30]} a5 {[%emt 0:03:30]} 32. Bf3 {[%emt 0:01:03]} b6 {[%emt 0:00:30]} 33. Kg2 {[%emt 0:00:34]} g5 {[%emt 0:09:30]} 34. h4 {[%emt 0:02:09]} Qe6 {[%emt 0:00:30]} 35. hxg5 {[%emt 0:03:14]} hxg5 {[%emt 0:00:30]} 36. g4 {[%emt 0:00:30]} Ne4 {[%emt 0:00:30]} 37. b4 {[%emt 0:00:30]} axb4 $1 {[%emt 0:00:30]} 38. Qxb4+ {[%emt 0:00:30]} Qd6 39. Qd4 $11 Qe6 1/2-1/2

[Event "4th Sabbiadoro-Master 2018"]
[Site "Lignano Sabbiadoro"]
[Date "2018.07.30"]
[Round "3.1"]
[White "Brankovic, Dejan"]
[Black "Medici, Simone"]
[Result "1-0"]
[WhiteElo "2377"]
[BlackElo "2286"]
[Annotator "NA"]
[PlyCount "105"]
[EventDate "2018.07.29"]
[EventType "swiss"]
[EventCountry "ITA"]
[SourceTitle "playchess.com"]
[Source "ChessBase"]
[SourceQuality "1"]
[TimeControl "5400+30"]

1. Nf3 {[%emt 0:00:30]} Nf6 {[%emt 0:02:00]} 2. g3 {[%emt 0:00:00]} b6 {[%emt 0:01:30]} 3. Bg2 {[%emt 0:00:00]} Bb7 {[%emt 0:00:00]} 4. O-O {[%emt 0:01:30]} e6 {[%emt 0:01:00]} 5. d3 {[%emt 0:00:30]} Be7 {[%emt 0:01:30]} 6. e4 {[%emt 0:01:30]} d6 {[%emt 0:05:30]} 7. Re1 {[%emt 0:04:30] A05: Réti Opening: 1 Nf3 Nf6} (7. Nbd2 c5 8. Qe2 O-O 9. Ng5 Nfd7 10. Nh3 Nc6 11. f4 b5 12. Nf3 Rc8 13. c3 b4 14. c4 Nd4 15. Nxd4 cxd4 {0-1 (46) Jenni,F (2454)-Nayhebaver,M (2440) Balatonszarszo 2017}) 7... O-O {[%emt 0:00:30]} 8. Nbd2 {[%emt 0:01:30]} Nbd7 {[%emt 0:03:30]} 9. d4 {[%emt 0:14:30]} e5 {[%emt 0:05:30]} 10. dxe5 $146 {[%emt 0:11:30]} ({Predecessor:} 10. b3 Re8 11. d5 a5 12. c4 c6 13. dxc6 Bxc6 14. Qc2 Nc5 15. Bb2 {1-0 (53) Goluch,P (2288)-Bilych,O (1967) Lvov 2017}) 10... dxe5 {[%emt 0:04:30]} 11. Nh4 {[%emt 0:03:30]} Re8 {[%emt 0:04:30]} 12. Nf5 {[%emt 0:03:30]} Bf8 {[%emt 0:03:30]} 13. Nc4 {[%emt 0:04:30]} Nc5 {[%emt 0:04:30]} 14. Qxd8 {[%emt 0:04:30]} Raxd8 {[%emt 0:01:30]} 15. Bg5 {[%emt 0:01:30]} Ncd7 {[%emt 0:14:30]} 16. Rad1 {[%emt 0:02:30]} Rb8 {[%emt 0:14:30]} 17. f3 {[%emt 0:02:30]} h6 {[%emt 0:00:30]} 18. Bd2 {[%emt 0:01:30]} Kh7 {[%emt 0:02:30]} 19. Bh3 {[%emt 0:06:30]} Bc8 {[%emt 0:07:30]} 20. b4 {[%emt 0:02:30]} a5 {[%emt 0:01:30]} 21. a3 {[%emt 0:03:30]} axb4 {[%emt 0:03:11]} 22. axb4 {[%emt 0:00:00]} b5 {[%emt 0:01:28]} 23. Na5 {[%emt 0:04:00]} c5 {[%emt 0:01:07]} 24. c3 {[%emt 0:01:30]} Nb6 {[%emt 0:02:12]} 25. Bf1 {[%emt 0:04:54]} g6 {[%emt 0:05:38]} 26. Ne3 {[%emt 0:08:21]} c4 {[%emt 0:00:40]} 27. Ra1 {[%emt 0:03:15]} Bd7 {[%emt 0:00:29]} 28. Red1 {[%emt 0:00:19]} Red8 {[%emt 0:02:38]} 29. Be1 {[%emt 0:00:16]} Be7 {[%emt 0:02:28]} 30. Rd2 {[%emt 0:01:10]} Be8 {[%emt 0:01:16]} 31. Rad1 {[%emt 0:02:08]} Rxd2 {[%emt 0:00:25]} 32. Rxd2 {[%emt 0:00:08]} Rd8 {[%emt 0:01:41]} 33. Rxd8 {[%emt 0:01:19]} Bxd8 {[%emt 0:00:01]} 34. Nb7 {[%emt 0:01:00]} Bc7 {[%emt 0:01:16]} 35. Bh3 {[%emt 0:02:01]} Bc6 {[%emt 0:01:36]} 36. Na5 {[%emt 0:00:49]} Ba8 {[%emt 0:01:02]} 37. Nc2 {[%emt 0:00:15]} Ne8 {[%emt 0:00:16]} 38. Kf2 {[%emt 0:01:33]} Nd6 {[%emt 0:00:14]} 39. Ke2 {[%emt 0:00:36]} Na4 {[%emt 0:00:33]} 40. Bd7 {[%emt 0:00:30]} Nb6 {[%emt 0:00:41]} 41. Bc6 {[%emt 0:00:19]} f6 {[%emt 0:00:56]} 42. Na3 {[%emt 0:00:38]} Bxc6 $16 {[%emt 0:00:38]} (42... Nbc8 $2 {[%emt 0:00:15]}) 43. Nxc6 {[%emt 0:00:45]} f5 {[%emt 0:00:30]} (43... Nbc8 $16 {is a better defense.}) 44. exf5 {[%emt 0:00:33]} ({But not} 44. Nxe5 $6 fxe4 45. fxe4 Nxe4) 44... gxf5 {[%emt 0:00:30]} 45. Bf2 {[%emt 0:00:50]} Nbc8 {[%emt 0:00:30]} 46. Bd4 {[%emt 0:00:45]} Kg6 {[%emt 0:00:30]} 47. Na7 $4 {[%emt 0:00:28]} (47. Nxe5+ $18 {and all is fine.} Kh5 48. Nc6) 47... Nxa7 $2 {[%emt 0:00:31]} (47... exd4 $19 48. Nxc8 d3+ 49. Kd2 Nxc8 50. Nxb5 Bb6) 48. Bxa7 {[%emt 0:00:01]} f4 {[%emt 0:00:29]} 49. g4 {[%emt 0:00:32]} Kg5 {[%emt 0:00:32]} 50. Bc5 {[%emt 0:00:51]} Nf7 {[%emt 0:00:30]} 51. Be7+ {[%emt 0:00:29]} Kg6 {[%emt 0:00:08]} 52. Nxb5 {[%emt 0:00:23]} Ng5 $18 {[%emt 0:00:45]} (52... Bb8 $142 53. Na3 h5 54. gxh5+ Kxh5 55. Nxc4 Kg6) 53. Bc5 {[%emt 0:00:00]} (53. Nxc7 $142 Kf7 54. Bxg5 hxg5 55. Na6) 1-0

[Event "4th Sabbiadoro-Master 2018"]
[Site "Lignano Sabbiadoro"]
[Date "2018.07.30"]
[Round "3.2"]
[White "Migliorini, Matteo"]
[Black "Ristic, Nenad"]
[Result "1/2-1/2"]
[WhiteElo "2130"]
[BlackElo "2356"]
[Annotator "NA"]
[PlyCount "59"]
[EventDate "2018.07.29"]
[EventType "swiss"]
[EventCountry "ITA"]
[SourceTitle "playchess.com"]
[Source "ChessBase"]
[SourceQuality "1"]
[TimeControl "5400+30"]

1. e4 {[%emt 0:00:30]} c5 {[%emt 0:01:00]} 2. d4 {[%emt 0:00:00]} cxd4 {[%emt 0:00:00]} 3. c3 {[%emt 0:00:00]} Nf6 {[%emt 0:00:00]} 4. e5 {[%emt 0:00:00]} Nd5 {[%emt 0:00:30]} 5. Nf3 {[%emt 0:00:00]} e6 {[%emt 0:00:00]} 6. cxd4 {[%emt 0:00:00]} d6 {[%emt 0:01:00]} 7. Bc4 {[%emt 0:00:00]} Be7 {[%emt 0:00:00]} 8. O-O {[%emt 0:00:30]} O-O {[%emt 0:00:00]} 9. Qe2 {[%emt 0:04:30]} Nc6 {[%emt 0:00:00]} 10. Nc3 {[%emt 0:00:30]} dxe5 {[%emt 0:01:00]} 11. dxe5 {[%emt 0:01:30]} Nxc3 {[%emt 0:00:30]} 12. bxc3 {[%emt 0:00:30]} Qc7 {[%emt 0:00:00]} 13. Qe4 {[%emt 0:01:30]} Rd8 {[%emt 0:02:00]} 14. Re1 {[%emt 0:10:30]} Bd7 {[%emt 0:06:30]} 15. Bd3 {[%emt 0:12:30]} g6 {[%emt 0:00:30]} 16. Bg5 {[%emt 0:00:30]} Be8 {[%emt 0:07:30]} 17. Bf6 {[%emt 0:16:30]} Rd5 {[%emt 0:02:30]} 18. c4 {[%emt 0:07:30]} Rd7 {[%emt 0:04:30]} 19. Ng5 {[%emt 0:05:30]} Rd4 {[%emt 0:10:30]} 20. Qe3 {[%emt 0:11:30]} Qd8 {[%emt 0:02:30]} 21. Nxh7 {[%emt 0:09:29]} Bxf6 {[%emt 0:11:30]} 22. Nxf6+ {[%emt 0:00:39]} Kg7 {[%emt 0:00:30]} 23. Rad1 {[%emt 0:02:43]} Qa5 {[%emt 0:01:30]} 24. h3 {[%emt 0:06:51]} Qxa2 {[%emt 0:09:30]} 25. Ng4 {[%emt 0:00:45]} Kf8 {[%emt 0:02:30]} 26. Be4 {[%emt 0:03:40]} Qxc4 {[%emt 0:02:30]} 27. Bxc6 {[%emt 0:00:43]} Rxd1 {[%emt 0:00:30]} 28. Qh6+ {[%emt 0:01:27]} Ke7 {[%emt 0:00:30]} 29. Qg5+ {[%emt 0:00:27]} Kf8 {[%emt 0:00:00]} 30. Qh6+ {[%emt 0:00:47]} 1/2-1/2

[Event "4th Sabbiadoro-Master 2018"]
[Site "Lignano Sabbiadoro"]
[Date "2018.07.30"]
[Round "3.3"]
[White "Damia, Angelo"]
[Black "Calavalle, Giulio"]
[Result "1/2-1/2"]
[WhiteElo "2313"]
[BlackElo "2275"]
[Annotator "NA"]
[PlyCount "114"]
[EventDate "2018.07.29"]
[EventType "swiss"]
[EventCountry "ITA"]
[SourceTitle "playchess.com"]
[Source "ChessBase"]
[SourceQuality "1"]
[TimeControl "5400+30"]

1. c4 {[%emt 0:00:30]} e5 {[%emt 0:01:00]} 2. e3 {[%emt 0:01:30]} Nf6 {[%emt 0:02:30]} 3. a3 {[%emt 0:00:30]} Nc6 {[%emt 0:00:30] A20: English Opening: 1...e5} (3... c6 4. Nf3 e4 5. Nd4 d5 6. cxd5 cxd5 7. d3 Bc5 8. Nc3 O-O 9. Be2 exd3 10. Qxd3 Nc6 11. O-O Nxd4 12. exd4 {1-0 (47) Nakamura,H (2775)-Wang,H (2743) Stavanger 2013}) 4. d3 {[%emt 0:04:30]} d5 {[%emt 0:01:30]} 5. cxd5 {[%emt 0:00:30]} Nxd5 {[%emt 0:00:30]} 6. Nf3 {[%emt 0:00:00]} Be7 {[%emt 0:02:30]} 7. b4 {[%emt 0:02:00]} Bf6 {[%emt 0:00:30]} 8. Ra2 {[%emt 0:03:30]} O-O {[%emt 0:04:30]} 9. Rd2 $146 {[%emt 0:02:30]} ({Predecessor:} 9. Be2 Be6 10. Rd2 a5 11. b5 Na7 {½-½ (34) Csom,I (2464)-Volzhin,A (2548) Budapest 2000}) 9... Qe7 {[%emt 0:10:30]} 10. Bb2 {[%emt 0:02:30]} Bg4 {[%emt 0:08:30]} 11. Be2 {[%emt 0:07:30]} Rad8 {[%emt 0:08:30]} 12. Nc3 {[%emt 0:06:30]} Nxc3 {[%emt 0:00:30]} 13. Bxc3 {[%emt 0:00:30]} e4 {[%emt 0:04:30]} 14. Bxf6 {[%emt 0:00:30]} Qxf6 {[%emt 0:00:00]} 15. b5 {[%emt 0:17:30]} exd3 {[%emt 0:08:00]} 16. Rxd3 {[%emt 0:27:30]} Rxd3 {[%emt 0:03:30]} 17. Qxd3 {[%emt 0:00:37]} Bxf3 {[%emt 0:02:30]} 18. gxf3 {[%emt 0:01:35]} Ne5 {[%emt 0:16:30]} 19. Qe4 {[%emt 0:00:49]} c6 {[%emt 0:00:30]} 20. bxc6 {[%emt 0:02:09]} Nxc6 {[%emt 0:00:30]} 21. O-O {[%emt 0:00:10]} Qg6+ {[%emt 0:00:30]} 22. Qxg6 {[%emt 0:01:05]} hxg6 {[%emt 0:00:30]} 23. Rb1 {[%emt 0:00:19]} b6 {[%emt 0:02:30]} 24. Rc1 {[%emt 0:00:08]} Na5 {[%emt 0:05:54]} 25. Rc7 {[%emt 0:00:05]} Rd8 {[%emt 0:01:25]} 26. Rxa7 {[%emt 0:00:12]} g5 {[%emt 0:01:46]} 27. Kg2 {[%emt 0:03:55]} Rd6 {[%emt 0:05:31]} 28. Bb5 {[%emt 0:00:22]} Nc6 {[%emt 0:01:00]} 29. Rc7 {[%emt 0:11:01]} Ne5 {[%emt 0:00:56]} 30. a4 {[%emt 0:01:23]} Rf6 {[%emt 0:00:17]} 31. Be2 {[%emt 0:00:21]} g6 {[%emt 0:00:51]} 32. Re7 {[%emt 0:00:27]} Nc6 {[%emt 0:00:28]} 33. Re4 {[%emt 0:00:51]} Kg7 {[%emt 0:02:17]} 34. Bb5 {[%emt 0:00:26]} Nd8 {[%emt 0:00:53]} 35. Re5 {[%emt 0:00:54]} Kh6 {[%emt 0:01:29]} 36. Re7 {[%emt 0:01:01]} Kg7 {[%emt 0:00:51]} 37. Bd7 {[%emt 0:01:47]} Rd6 {[%emt 0:00:48]} 38. Bc8 {[%emt 0:00:22]} Nc6 {[%emt 0:01:13]} 39. Re4 {[%emt 0:00:27]} Rf6 {[%emt 0:01:06]} 40. Bd7 {[%emt 0:00:32]} Rd6 {[%emt 0:00:44]} 41. Bxc6 {[%emt 0:00:14]} Rxc6 {[%emt 0:00:04]} 42. Re5 {[%emt 0:00:25]} f5 {[%emt 0:01:49]} 43. Rb5 {[%emt 0:00:23]} Rc4 {[%emt 0:00:18]} 44. Rxb6 {[%emt 0:00:25]} Rxa4 {[%emt 0:00:05]} 45. Rd6 {[%emt 0:00:20]} Kf7 {[%emt 0:00:43]} 46. Rd4 {[%emt 0:00:49]} Rxd4 {[%emt 0:00:50]} 47. exd4 {[%emt 0:00:02]} Ke6 {[%emt 0:00:18]} 48. f4 {[%emt 0:01:02]} gxf4 {[%emt 0:01:08]} 49. h4 {[%emt 0:00:17]} Kd5 {[%emt 0:00:08]} 50. Kf3 {[%emt 0:00:10]} Kxd4 {[%emt 0:00:05]} 51. Kxf4 {[%emt 0:00:13]} Kd3 {[%emt 0:00:12]} 52. Kg5 {[%emt 0:00:12]} Ke2 $18 {[%emt 0:00:27]} 53. Kxg6 {[%emt 0:00:07]} f4 {[%emt 0:00:11]} 54. h5 {[%emt 0:00:12]} Kxf2 {[%emt 0:00:17]} 55. h6 {[%emt 0:00:07]} Kg2 {[%emt 0:00:34]} 56. h7 {[%emt 0:00:01]} f3 {[%emt 0:00:14]} 57. h8=Q {[%emt 0:00:03]} f2 {[%emt 0:00:04]} 1/2-1/2

[Event "4th Sabbiadoro-Master 2018"]
[Site "Lignano Sabbiadoro"]
[Date "2018.07.30"]
[Round "3.5"]
[White "Olivetti, Davide"]
[Black "Nester, Ihor"]
[Result "0-1"]
[WhiteElo "2234"]
[BlackElo "2305"]
[Annotator "NA"]
[PlyCount "88"]
[EventDate "2018.07.29"]
[EventType "swiss"]
[EventCountry "ITA"]
[SourceTitle "playchess.com"]
[Source "ChessBase"]
[SourceQuality "1"]
[TimeControl "5400+30"]

1. e4 {[%emt 0:02:30]} e5 {[%emt 0:06:00]} 2. Nf3 {[%emt 0:01:30]} Nc6 {[%emt 0:00:30]} 3. d4 {[%emt 0:00:00]} exd4 {[%emt 0:00:00]} 4. c3 {[%emt 0:00:00]} d5 {[%emt 0:01:00]} 5. exd5 {[%emt 0:03:30]} Qxd5 {[%emt 0:00:30]} 6. cxd4 {[%emt 0:00:30]} Bb4+ {[%emt 0:00:30]} 7. Nc3 {[%emt 0:00:30]} Bg4 {[%emt 0:00:30]} 8. Be2 {[%emt 0:00:00]} Bxf3 {[%emt 0:00:00]} 9. Bxf3 {[%emt 0:00:00]} Qc4 {[%emt 0:00:00]} 10. Be3 {[%emt 0:00:30]} Nge7 {[%emt 0:05:30]} 11. Qb3 {[%emt 0:10:30]} Qxb3 {[%emt 0:01:30]} 12. axb3 {[%emt 0:00:30]} O-O-O {[%emt 0:05:30]} 13. O-O {[%emt 0:01:30]} a6 {[%emt 0:01:30]} 14. Rfd1 {[%emt 0:00:30]} h6 {[%emt 0:07:30]} 15. g3 {[%emt 0:01:30]} g5 {[%emt 0:01:30]} 16. Ra4 {[%emt 0:02:30]} Bd6 {[%emt 0:02:30]} 17. Ne4 {[%emt 0:01:30]} Nd5 {[%emt 0:09:30]} 18. Nxd6+ {[%emt 0:04:30]} Rxd6 {[%emt 0:00:00]} 19. h4 {[%emt 0:02:30]} gxh4 {[%emt 0:03:00]} 20. gxh4 {[%emt 0:01:30]} Nb6 {[%emt 0:02:30]} 21. Raa1 {[%emt 0:01:30]} Rhd8 {[%emt 0:00:30]} 22. Bg4+ {[%emt 0:16:30]} Kb8 {[%emt 0:00:30]} 23. Kh2 {[%emt 0:01:30]} Nxd4 {[%emt 0:16:30]} 24. Rac1 {[%emt 0:03:30]} f5 {[%emt 0:09:30]} 25. Bh5 {[%emt 0:00:30]} Rd5 {[%emt 0:06:30]} 26. Bf4 {[%emt 0:12:30]} Ne6 {[%emt 0:00:30]} 27. Rxd5 {[%emt 0:00:30]} Nxd5 {[%emt 0:00:30]} 28. Be5 {[%emt 0:03:30]} Ndf4 {[%emt 0:00:30]} 29. Bxf4 {[%emt 0:12:39]} Nxf4 {[%emt 0:00:30]} 30. Rd1 {[%emt 0:00:07]} Kc8 {[%emt 0:01:49]} 31. Rxd8+ {[%emt 0:01:43]} Kxd8 {[%emt 0:00:03]} 32. Bf3 {[%emt 0:00:11]} c6 {[%emt 0:03:31]} 33. Kg3 {[%emt 0:00:44]} Ne6 {[%emt 0:00:19]} 34. Bd1 {[%emt 0:02:50]} Ke7 {[%emt 0:00:08]} 35. f4 {[%emt 0:00:33]} Nd4 {[%emt 0:02:15]} 36. Kf2 {[%emt 0:00:36]} c5 {[%emt 0:00:41]} 37. Ke3 {[%emt 0:00:06]} a5 {[%emt 0:00:24]} 38. Kd3 {[%emt 0:00:40]} Kd6 {[%emt 0:00:14]} 39. Kc4 {[%emt 0:00:42]} b5+ {[%emt 0:00:06]} 40. Kd3 {[%emt 0:00:31]} Kd5 {[%emt 0:00:20]} 41. Ke3 {[%emt 0:00:06]} Ke6 {[%emt 0:04:41]} 42. Kd2 {[%emt 0:01:43]} Kd6 {[%emt 0:00:11]} 43. Kc3 {[%emt 0:00:47]} Kd5 {[%emt 0:00:11]} 44. Kd3 {[%emt 0:00:06]} Nxb3 {[%emt 0:00:24]} 0-1

[Event "4th Sabbiadoro-Master 2018"]
[Site "Lignano Sabbiadoro"]
[Date "2018.07.30"]
[Round "3.6"]
[White "Cocconcelli, Lorenzo"]
[Black "Kalegin, Evgenij"]
[Result "0-1"]
[WhiteElo "2105"]
[BlackElo "2431"]
[Annotator "TA"]
[PlyCount "74"]
[EventDate "2018.07.29"]
[EventType "swiss"]
[EventCountry "ITA"]
[SourceTitle "playchess.com"]
[Source "ChessBase"]
[SourceQuality "1"]

{[%evp 26,74,41,37,25,33,52,31,63,31,80,65,94,81,70,29,39,36,28,0,0,0,0,0,0,-25,-7,-23,-23,-70,-64,-50,-22,-37,-38,-222,-218,-304,-260,-292,-292,-287,-283,-276,-268,-630,-621,-671,-648,-2943,-2620]} 1. d4 Nf6 2. c4 g6 3. g3 Bg7 4. Bg2 O-O 5. Nc3 d6 6. Nf3 Nbd7 7. O-O e5 8. b3 exd4 9. Nxd4 Re8 10. Bb2 Nc5 11. Qc2 c6 12. Rad1 {E67: King's Indian: Fianchetto: 6...Nbd7} Qb6 13. h3 a5 14. Ba3 {LiveBook: 3 Games. White is slightly better.} a4 $146 {And now ...axb3 would win.} ({Predecessor:} 14... h5 15. e3 Bd7 16. Rd2 Rad8 17. Rfd1 Bc8 18. Re2 Re7 {1-0 (36) Iordachescu,V (2564)-Milu,R (2430) Predeal 2006}) 15. b4 Ne6 16. Nf3 Bf8 17. Rfe1 (17. Nxa4 Qa7 $17) 17... h6 18. e4 (18. Nxa4 Qa7 $17) 18... Ng5 19. Nxg5 ({Weaker is} 19. Nxa4 Nxf3+ 20. Bxf3 Qa6 $15) 19... hxg5 20. Ne2 ({Don't play} 20. Nxa4 $6 Qa7 $11) 20... g4 21. h4 Nd7 22. b5 Ne5 23. Bxd6 Bxd6 24. Rxd6 Qc5 $36 {[%mdl 2048] White is under pressure.} 25. Rd2 Be6 26. bxc6 bxc6 {[%cal Bb7c6,Bc6c5,Bc5c4,Bc4c3,Bc3c2][%mdl 32]} 27. Qc3 Bxc4 28. Nd4 Qa5 29. Qxa5 Rxa5 30. Rc1 $2 (30. f4 $15 gxf3 31. Nxf3) 30... Rd8 $19 31. a3 c5 32. Nc6 Rxd2 33. Nxa5 {[#]} Be2 $1 34. Bf1 (34. Rxc5 {is a self mate.} Rd1+ 35. Kh2 Nf3+ 36. Bxf3 Bxf3 37. Rc8+ Kg7 38. Rg8+ Kxg8 39. e5 Rh1#) 34... Bxf1 35. Rxf1 $2 (35. Kxf1 Nd3 36. Rc4) 35... c4 {Black is clearly winning.} 36. Rc1 {[#]} c3 $1 {[%mdl 512]} 37. Kf1 (37. Rxc3 Rd1+) 37... c2 {Precision: White = 26%, Black = 74%.} 0-1

[Event "4th Sabbiadoro-Master 2018"]
[Site "Lignano Sabbiadoro"]
[Date "2018.07.30"]
[Round "3.7"]
[White "Bardone, Lorenzo"]
[Black "Mufic, Goran"]
[Result "1/2-1/2"]
[WhiteElo "2103"]
[BlackElo "2299"]
[Annotator "NA"]
[PlyCount "93"]
[EventDate "2018.07.29"]
[EventType "swiss"]
[EventCountry "ITA"]
[SourceTitle "playchess.com"]
[Source "ChessBase"]
[SourceQuality "1"]
[TimeControl "5400+30"]

1. Nf3 {[%emt 0:00:30]} d5 {[%emt 0:01:00]} 2. c4 {[%emt 0:00:00]} e6 {[%emt 0:00:00]} 3. g3 {[%emt 0:00:00]} Nf6 {[%emt 0:00:00]} 4. Bg2 {[%emt 0:00:30]} Be7 {[%emt 0:00:30]} 5. d4 {[%emt 0:00:00]} O-O {[%emt 0:00:30]} 6. O-O {[%emt 0:00:00]} c6 {[%emt 0:00:30]} 7. Nbd2 {[%emt 0:00:30]} Nbd7 {[%emt 0:00:30]} 8. Qc2 {[%emt 0:00:00]} b6 {[%emt 0:00:30]} 9. e4 {[%emt 0:02:00]} Bb7 {[%emt 0:00:30]} 10. e5 {[%emt 0:00:30]} Ne8 {[%emt 0:00:00]} 11. cxd5 {[%emt 0:01:30]} cxd5 {[%emt 0:00:00]} 12. Nb1 {[%emt 0:01:30]} Ba6 {[%emt 0:00:30]} 13. Re1 {[%emt 0:00:30]} Nc7 {[%emt 0:07:30]} 14. Nc3 {[%emt 0:05:30]} Rc8 {[%emt 0:00:30]} 15. Be3 {[%emt 0:05:30]} Nb8 {[%emt 0:04:30]} 16. h4 {[%emt 0:04:30]} Nb5 {[%emt 0:02:30]} 17. Ng5 {[%emt 0:01:30]} Bxg5 {[%emt 0:00:30]} 18. hxg5 {[%emt 0:00:30]} Nc6 {[%emt 0:05:30]} 19. Qd1 {[%emt 0:14:30]} Qe7 {[%emt 0:10:30]} 20. Bf1 {[%emt 0:09:30]} Nxc3 {[%emt 0:01:30]} 21. bxc3 {[%emt 0:00:00]} Bxf1 {[%emt 0:00:30]} 22. Rxf1 {[%emt 0:00:00]} Na5 {[%emt 0:06:30]} 23. Kg2 {[%emt 0:03:30]} Nc4 {[%emt 0:01:30]} 24. Bf4 {[%emt 0:00:30]} f6 {[%emt 0:10:30]} 25. gxf6 {[%emt 0:05:30]} gxf6 {[%emt 0:00:30]} 26. Qg4+ {[%emt 0:00:30]} Kh8 {[%emt 0:00:30]} 27. exf6 {[%emt 0:01:30]} Rxf6 {[%emt 0:02:30]} 28. Qh4 {[%emt 0:03:30]} Rg8 {[%emt 0:03:30]} 29. Rae1 {[%emt 0:05:30]} Qf7 {[%emt 0:00:30]} 30. Be5 {[%emt 0:05:30]} Nxe5 {[%emt 0:00:30]} 31. Rxe5 {[%emt 0:00:00]} Rf3 {[%emt 0:07:30]} 32. Rxe6 {[%emt 0:09:00]} Rf8 {[%emt 0:05:30]} 33. Re2 {[%emt 0:02:30]} Rxc3 {[%emt 0:00:30]} 34. Re7 {[%emt 0:00:51]} Qf3+ {[%emt 0:13:31]} 35. Kg1 {[%emt 0:00:17]} Qf5 {[%emt 0:00:21]} 36. Rxa7 {[%emt 0:06:24]} Rf3 {[%emt 0:02:16]} 37. a4 {[%emt 0:03:08]} Kg8 {[%emt 0:07:31]} 38. Qh2 {[%emt 0:03:26]} Rd3 {[%emt 0:03:27]} 39. Qh4 {[%emt 0:00:30]} Rd1 {[%emt 0:00:30]} 40. Rxd1 {[%emt 0:00:30]} Qxf2+ {[%emt 0:00:30]} 41. Kh1 {[%emt 0:00:30]} Qf3+ {[%emt 0:00:30]} 42. Kh2 {[%emt 0:00:30]} Qf2+ {[%emt 0:00:30]} 43. Kh3 {[%emt 0:00:30]} Qf3 {[%emt 0:00:30]} 44. Kh2 {[%emt 0:00:30]} Qf5 {[%emt 0:00:30]} 45. Kg1 {[%emt 0:00:30]} Qf2+ {[%emt 0:00:30]} 46. Kh1 {[%emt 0:00:30]} Qf3+ {[%emt 0:00:30]} 47. Kh2 {[%emt 0:00:30]} 1/2-1/2

[Event "4th Sabbiadoro-Master 2018"]
[Site "Lignano Sabbiadoro"]
[Date "2018.07.30"]
[Round "3.8"]
[White "Tiraboschi, Nicolo`"]
[Black "Sgnaolin, Davide"]
[Result "1/2-1/2"]
[WhiteElo "2102"]
[BlackElo "2267"]
[Annotator "NA"]
[PlyCount "58"]
[EventDate "2018.07.29"]
[EventType "swiss"]
[EventCountry "ITA"]
[SourceTitle "playchess.com"]
[Source "ChessBase"]
[SourceQuality "1"]
[TimeControl "5400+30"]

1. e4 c5 2. Nf3 Nc6 3. Bb5 g6 4. O-O Bg7 5. Re1 Nf6 6. d3 O-O 7. Nbd2 d6 8. c3 Bd7 9. Nf1 a6 10. Ba4 b5 11. Bc2 b4 12. h3 Ne8 13. d4 bxc3 14. bxc3 Nc7 15. e5 Nb5 16. Qd2 Qa5 17. a4 Nxc3 18. dxc5 Qxc5 19. Bb2 Nd5 20. Bb3 Ndb4 21. Rad1 Na5 22. Bd4 Nxb3 23. Bxc5 Nxd2 24. Rxd2 dxc5 25. Rxd7 e6 26. Ne3 Rfd8 27. Red1 Rxd7 28. Rxd7 Nc6 29. Nc4 Rd8 1/2-1/2